<?xml version="1.0" encoding="UTF-8"?>
<marc:record xmlns:marc="http://www.loc.gov/MARC21/slim">
   <marc:leader>00000nam a2200000 a 4500</marc:leader>
   <marc:datafield ind1="1" ind2=" " tag="100">
      <marc:subfield code="a">Rübel, Doris</marc:subfield>
      <marc:subfield code="4">aut</marc:subfield>
      <marc:subfield code="e">Verfasser/-in</marc:subfield>
   </marc:datafield>
   <marc:datafield ind1="0" ind2="0" tag="245">
      <marc:subfield code="a">Unser Essen</marc:subfield>
   </marc:datafield>
   <marc:datafield ind1=" " ind2="1" tag="264">
      <marc:subfield code="b">Otto Maier GmbH</marc:subfield>
      <marc:subfield code="c">2008</marc:subfield>
   </marc:datafield>
   <marc:datafield ind1="1" ind2=" " tag="490">
      <marc:subfield code="a">Wieso? Weshalb? Warum?</marc:subfield>
   </marc:datafield>
   <marc:datafield ind1="1" ind2=" " tag="520">
      <marc:subfield code="a">Spaghetti, Eis, Pizza und Pommes - das mögen fast alle Kinder. Aber was braucht unser Körper wirklich? Und wo kommt unser Essen eigentlich her? Sonja und die Kinder gehen dem Essen auf die Spur: Die Bananen aus dem Supermarkt und der Fisch vom Markt haben schon einen langen Weg hinter sich. Obst und Gemüse wachsen aber auch in Sonjas Garten. Und was haben die Menschen früher gegessen? Sonja und die Kinder probieren es aus und backen ein Steinzeitbrot. Beim großen Abschlussbuffet stellen Kinder aus aller Welt ihr Lieblingsessen vor.</marc:subfield>
   </marc:datafield>
   <marc:datafield ind1=" " ind2=" " tag="020">
      <marc:subfield code="a">9783473332625</marc:subfield>
      <marc:subfield code="9">9783473332625</marc:subfield>
   </marc:datafield>
</marc:record>
